[Event "7. Arber-Open Bodenmais 2018"]
[Site "Bodenmais"]
[Date "2018.08.02"]
[Round "6.5"]
[White "Kugelmann, Werner"]
[Black "Melamed, Tatjana"]
[Result "0-1"]
[WhiteElo "2119"]
[BlackElo "2386"]
[PlyCount "120"]
[EventDate "2018.??.??"]
[WhiteTeam "TSV Wertingen"]
[BlackTeam "AE Magdeburg"]

1. e4 c5 2. Nf3 e6 3. d4 cxd4 4. Nxd4 Nc6 5. Nc3 Nf6 6. Be3 Bb4 7. Bd3 d5 8.
Nxc6 bxc6 9. exd5 Nxd5 10. Bd2 Nxc3 11. bxc3 Bd6 12. Qf3 Qc7 13. Qh5 g6 14. Qf3
O-O 15. h4 f6 16. O-O Bd7 17. Bh6 Rf7 18. Rab1 Bh2+ 19. Kh1 Be5 20. Bc4 Re8 21.
Rfd1 Bc8 22. Rd3 Rd7 23. Rbd1 Rd5 24. Bxd5 cxd5 25. Re3 Bb7 26. Rb1 Ba8 27. Qe2
Kf7 28. Qd3 Bd6 29. h5 e5 30. hxg6+ hxg6 31. Rh3 e4 32. Qe3 Rh8 33. c4 dxc4 34.
Rd1 Be5 35. Qd2 Bc6 36. Qb4 Bd7 37. Rxd7+ Qxd7 38. Qxc4+ Ke8 39. Qe2 Qb7 40.
Qd1 Qd7 41. Qxd7+ Kxd7 42. Be3 Rxh3+ 43. gxh3 a6 44. Kg2 f5 45. Kf1 Kc6 46. Ke2
Kb5 47. Bd2 f4 48. Bc1 Kb4 49. f3 Kc3 50. fxe4 Kxc2 51. Ba3 Kb1 52. Be7 Kxa2
53. Kf3 Kb3 54. Bg5 Kc4 55. Bxf4 Bxf4 56. Kxf4 a5 57. Kg5 a4 58. e5 Kd5 59. Kf6
a3 60. e6 a2 0-1

[Event "7. Arber-Open Bodenmais 2018"]
[Site "Bodenmais"]
[Date "2018.08.02"]
[Round "6.6"]
[White "Prusikin, Michael"]
[Black "Zepke, Armin"]
[Result "1-0"]
[WhiteElo "2516"]
[BlackElo "2130"]
[PlyCount "125"]
[EventDate "2018.??.??"]
[WhiteTeam "BCA Augsburg"]
[BlackTeam "SC Bayerwald"]

1. Nf3 d5 2. g3 Nf6 3. Bg2 c6 4. O-O Bf5 5. d3 e6 6. Nc3 h6 7. Nd2 Bh7 8. e4
Bc5 9. Kh1 O-O 10. f4 Na6 11. e5 Nd7 12. Nf3 f6 13. Ne2 fxe5 14. fxe5 Nc7 15.
d4 Be7 16. Be3 c5 17. c3 c4 18. h4 b5 19. Nf4 Rf7 20. Bh3 Nf8 21. Bg4 Bf5 22.
Bxf5 Rxf5 23. g4 Rf7 24. Qe1 b4 25. Qg3 bxc3 26. bxc3 g6 27. Ne2 g5 28. Qh3 Ne8
29. hxg5 hxg5 30. Nxg5 Rg7 31. Nf3 Rh7 32. Bh6 Ng7 33. Nf4 Qe8 34. g5 Nf5 35.
Nxd5 exd5 36. Qxf5 Qh5+ 37. Nh2 Ng6 38. Qe6+ Kh8 39. Rf7 Bxg5 40. Rxh7+ Kxh7
41. Bxg5 Qxg5 42. Rg1 Qh5 43. Qxd5 Rf8 44. Qd7+ Kh6 45. Qg4 Rf2 46. Qxh5+ Kxh5
47. Rg2 Rxg2 48. Kxg2 Nf4+ 49. Kf3 Nd5 50. e6 Kg6 51. Ke4 Nxc3+ 52. Ke5 Nxa2
53. Kd6 Nc3 54. e7 Ne4+ 55. Ke6 Nf6 56. Ng4 Ne8 57. Ne5+ Kg7 58. Nxc4 a6 59.
Nd6 Nc7+ 60. Kd7 Nd5 61. e8=Q Nf6+ 62. Ke7 Nxe8 63. Nxe8+ 1-0

[Event "7. Arber-Open Bodenmais 2018"]
[Site "Bodenmais"]
[Date "2018.08.02"]
[Round "6.7"]
[White "Sergeev, Vladimir"]
[Black "Fauth, Dietmar"]
[Result "1-0"]
[WhiteElo "2410"]
[BlackElo "2112"]
[PlyCount "87"]
[EventDate "2018.??.??"]
[WhiteTeam "SK Bregenz"]
[BlackTeam "MÃ¼nchener SC"]

1. c4 e5 2. g3 Nf6 3. Bg2 c6 4. d4 e4 5. Nc3 Bb4 6. Qb3 a5 7. Nh3 d5 8. cxd5
cxd5 9. Bg5 Nbd7 10. O-O h6 11. Bf4 g5 12. Be5 Bxc3 13. Qxc3 O-O 14. Bc7 Qe7
15. Bxa5 Re8 16. a3 Qe6 17. Bb4 Qg4 18. f3 Qh5 19. Nf2 b6 20. Rfe1 Ba6 21. b3
Rac8 22. Qb2 Qg6 23. Rac1 h5 24. a4 g4 25. Rxc8 Rxc8 26. fxe4 dxe4 27. Qb1 Re8
28. Ba3 h4 29. Bd6 Nd5 30. Nxe4 h3 31. Bh1 Bxe2 32. Rxe2 Nc3 33. Nf6+ Nxf6 34.
Rxe8+ Nxe8 35. Qxg6+ fxg6 36. Be5 Kf7 37. Kf2 Nf6 38. Bxf6 Kxf6 39. Bc6 Ke7 40.
Ke3 Kd6 41. Be4 g5 42. Kd3 Nd1 43. Kd2 Nf2 44. Ba8 1-0

[Event "7. Arber-Open Bodenmais 2018"]
[Site "Bodenmais"]
[Date "2018.08.02"]
[Round "6.8"]
[White "Lorenc, Tomas"]
[Black "Uneken, Bert"]
[Result "1/2-1/2"]
[WhiteElo "2208"]
[BlackElo "1804"]
[PlyCount "75"]
[EventDate "2018.??.??"]
[WhiteTeam "SC Waldsassen"]
[BlackTeam "Niederlande"]
[BlackTeamCountry "NED"]

1. c4 e5 2. g3 Nf6 3. Bg2 d5 4. cxd5 Nxd5 5. Nc3 Be6 6. Nf3 Nc6 7. O-O Be7 8.
d3 O-O 9. Bd2 h6 10. a3 Qd7 11. b4 a6 12. Rc1 Rad8 13. Ne4 Bh3 14. Nc5 Bxc5 15.
Rxc5 Bxg2 16. Kxg2 Rfe8 17. Qb3 Nf6 18. Be3 e4 19. dxe4 Nxe4 20. Rcc1 Qd5 21.
Qc2 Nd6 22. Rfd1 Qe4 23. Qxe4 Nxe4 24. Bf4 Rxd1 25. Rxd1 Nc3 26. Rd7 Nxe2 27.
Rxc7 Nxf4+ 28. gxf4 Re7 29. Rc8+ Kh7 30. Nd2 Re2 31. Nc4 Re4 32. Nd6 Rxf4 33.
Nxb7 Ne5 34. Ra8 Nd3 35. Rxa6 Rxf2+ 36. Kg1 Ra2 37. Nd6 Nxb4 38. Ra7 1/2-1/2

[Event "7. Arber-Open Bodenmais 2018"]
[Site "Bodenmais"]
[Date "2018.08.02"]
[Round "6.9"]
[White "Herbold, Manfred"]
[Black "Schelle, Artur"]
[Result "0-1"]
[WhiteElo "2144"]
[BlackElo "2206"]
[PlyCount "70"]
[EventDate "2018.??.??"]
[WhiteTeam "SC Niedermohr-HÃ¼tschenhausen"]
[BlackTeam "SC Tarr MÃ¼nchen"]

1. e4 g6 2. d4 Bg7 3. Nc3 c6 4. Nf3 d6 5. a4 Nf6 6. h3 O-O 7. Be3 Nbd7 8. Be2
Qc7 9. Nd2 b6 10. O-O Bb7 11. a5 Rad8 12. f4 e5 13. Nb3 exd4 14. Bxd4 b5 15.
Bxa7 b4 16. Na4 c5 17. Bb6 Nxb6 18. axb6 Qe7 19. Na5 Nxe4 20. Nxb7 Qxb7 21. Bf3
Rfe8 22. c3 d5 23. Bxe4 dxe4 24. Qb3 e3 25. Nxc5 Qxb6 26. Qxb4 Qxb4 27. cxb4
Bxb2 28. Rab1 Bd4 29. Rfd1 e2+ 30. Rxd4 Rxd4 31. Re1 Rxf4 32. b5 Rf5 33. Nb3
Rxb5 34. Nd4 Rbe5 35. Kf2 Kg7 0-1

[Event "7. Arber-Open Bodenmais 2018"]
[Site "Bodenmais"]
[Date "2018.08.02"]
[Round "6.10"]
[White "Schroeder, Wilfried"]
[Black "Godoj, Veit"]
[Result "1-0"]
[WhiteElo "2199"]
[BlackElo "2017"]
[PlyCount "69"]
[EventDate "2018.??.??"]
[WhiteTeam "SV Wattenscheid"]
[BlackTeam "KÃ¶nigsjÃ¤ger SW Berlin"]

1. d4 e6 2. Nf3 f5 3. g3 d5 4. Bg2 Bd6 5. c4 c6 6. O-O Nf6 7. b3 Qe7 8. Bb2 O-O
9. Ne5 Nbd7 10. Nd2 Ne4 11. Qc2 Nxe5 12. dxe5 Bc5 13. e3 Bd7 14. Rac1 Bb6 15.
Bd4 Be8 16. f3 Bxd4 17. exd4 Nxd2 18. Qxd2 f4 19. cxd5 cxd5 20. Bh3 Bb5 21. Rf2
Rf7 22. gxf4 g6 23. f5 gxf5 24. Rg2+ Kh8 25. Qh6 Bc6 26. Kh1 Rg8 27. Rxg8+ Kxg8
28. Rg1+ Kh8 29. Bf1 Bd7 30. Be2 Rg7 31. Rxg7 Qxg7 32. Qh4 Qf8 33. f4 Be8 34.
Qd8 Qf7 35. Bb5 1-0

[Event "7. Arber-Open Bodenmais 2018"]
[Site "Bodenmais"]
[Date "2018.08.02"]
[Round "6.11"]
[White "Medunova, Vera"]
[Black "Hoffmann, Sebastian"]
[Result "1/2-1/2"]
[WhiteElo "2101"]
[BlackElo "2174"]
[PlyCount "68"]
[EventDate "2018.??.??"]
[WhiteTeam "SK Rothenburg"]
[BlackTeam "SC NT NÃ¼rnberg"]

1. e4 c5 2. Nf3 Nc6 3. d4 cxd4 4. Nxd4 g6 5. Nc3 Bg7 6. Be3 Nf6 7. Nxc6 bxc6 8.
e5 Ng8 9. Bd4 Qa5 10. e6 Nf6 11. exd7+ Bxd7 12. Qe2 O-O 13. O-O-O Be6 14. Qa6
Qc7 15. Be2 c5 16. Be3 Rab8 17. Bf3 Ng4 18. Bxg4 Bxg4 19. Rd5 Rxb2 20. Kxb2
Rb8+ 21. Kc1 Bxc3 22. f3 Bc8 23. Qc4 Be6 24. Rxc5 Qb7 25. Qxc3 Qb1+ 26. Kd2
Qxh1 27. Qe5 Qxg2+ 28. Kc3 Rd8 29. Bd4 Qxf3+ 30. Kb2 Rxd4 31. Qxd4 Qb7+ 32. Kc3
Bxa2 33. Qd8+ Kg7 34. Rc7 Qb5 1/2-1/2

[Event "7. Arber-Open Bodenmais 2018"]
[Site "Bodenmais"]
[Date "2018.08.02"]
[Round "6.12"]
[White "Hein, Ralf"]
[Black "Jergler, Karl-Heinz"]
[Result "1-0"]
[WhiteElo "2048"]
[BlackElo "2152"]
[PlyCount "77"]
[EventDate "2018.??.??"]
[WhiteTeam "SC Diogenes"]
[BlackTeam "SC Rottal-Inn"]

1. c4 Nf6 2. Nc3 d5 3. d4 g6 4. Bf4 Bg7 5. e3 O-O 6. cxd5 Nxd5 7. Nxd5 Qxd5 8.
Bxc7 Nc6 9. Nf3 Bg4 10. Be2 Rac8 11. Bg3 Qa5+ 12. Qd2 Nb4 13. O-O Rc2 14. Qe1
Rxb2 15. Bc4 Qb6 16. Bb3 Bxf3 17. gxf3 Nc2 18. Qc3 Nxa1 19. Qxb2 Nxb3 20. axb3
Rc8 21. Qa3 e6 22. Rc1 Rxc1+ 23. Qxc1 Qc6 24. Qa3 h5 25. Kg2 a6 26. Qe7 Qc8 27.
h4 b5 28. Qa7 Bf6 29. e4 Kg7 30. d5 exd5 31. exd5 Qd8 32. d6 a5 33. d7 a4 34.
bxa4 bxa4 35. Qxa4 Qb6 36. Qe4 Qd8 37. Qe8 Be7 38. Be5+ f6 39. Bd6 1-0

[Event "7. Arber-Open Bodenmais 2018"]
[Site "Bodenmais"]
[Date "2018.08.02"]
[Round "6.13"]
[White "Rieling, Thomas"]
[Black "Eizenhammer, Peter"]
[Result "0-1"]
[WhiteElo "2079"]
[BlackElo "2148"]
[PlyCount "62"]
[EventDate "2018.??.??"]
[WhiteTeam "SC Diogenes"]
[BlackTeam "SC Vilshofen"]

1. e4 d6 2. d4 Nf6 3. Nc3 Nbd7 4. Be3 e5 5. Bc4 Be7 6. f4 c6 7. Bb3 O-O 8. Qf3
b5 9. Nge2 b4 10. Na4 c5 11. fxe5 dxe5 12. d5 Ba6 13. c4 Qa5 14. Rc1 Ne8 15.
Ng3 Bh4 16. O-O Bxg3 17. Qxg3 Kh8 18. Qf2 Rc8 19. Qf5 Qd8 20. Bg5 f6 21. Qe6
Nc7 22. Qc6 Nb8 23. Qxc5 Ne6 24. Qxb4 Nxg5 25. Rfe1 Qd7 26. c5 Qg4 27. Rc3 f5
28. Rg3 Qf4 29. Rge3 fxe4 30. h3 Qf2+ 31. Kh1 Bf1 0-1

[Event "7. Arber-Open Bodenmais 2018"]
[Site "Bodenmais"]
[Date "2018.08.02"]
[Round "6.14"]
[White "Huhs, Sven"]
[Black "Ilic, Andreas"]
[Result "1-0"]
[WhiteElo "2034"]
[BlackElo "1893"]
[PlyCount "33"]
[EventDate "2018.??.??"]
[WhiteTeam "FG Wohlde"]
[BlackTeam "DBSB"]

1. d4 Nf6 2. c4 d6 3. Nc3 Nc6 4. d5 Nb8 5. e4 a5 6. f4 g6 7. Nf3 Bg7 8. Be2 Na6
9. O-O O-O 10. Kh1 c6 11. Be3 Ng4 12. Bd4 Bh6 13. Ng5 e5 14. dxe6 c5 15. Nxf7
Qh4 16. Bxg4 cxd4 17. g3 1-0

[Event "7. Arber-Open Bodenmais 2018"]
[Site "Bodenmais"]
[Date "2018.08.02"]
[Round "6.15"]
[White "Bensch, Patrick"]
[Black "Huber, Florian"]
[Result "1/2-1/2"]
[WhiteElo "2197"]
[BlackElo "2007"]
[PlyCount "65"]
[EventDate "2018.??.??"]
[WhiteTeam "SC Rottal-Inn"]
[BlackTeam "SK Landau-Dingolfing"]

1. e4 e5 2. Nf3 Nc6 3. Bb5 a6 4. Ba4 Nf6 5. O-O b5 6. Bb3 Be7 7. Re1 d6 8. c3
O-O 9. h3 Na5 10. Bc2 c5 11. d4 Nd7 12. Nbd2 exd4 13. cxd4 Nc6 14. d5 Nce5 15.
Nxe5 Nxe5 16. f4 Ng6 17. Nf3 Bh4 18. Rf1 Bg3 19. f5 Ne5 20. Nxe5 Bxe5 21. Qh5
f6 22. Rb1 Bd7 23. Be3 b4 24. Bd3 Bb5 25. Qe2 Qd7 26. Rfc1 Rfc8 27. Bc4 Bxc4
28. Qxc4 Qb5 29. Kf2 Kf7 30. g4 Qxc4 31. Rxc4 a5 32. h4 h6 33. Kf3 1/2-1/2

[Event "7. Arber-Open Bodenmais 2018"]
[Site "Bodenmais"]
[Date "2018.08.02"]
[Round "6.16"]
[White "Kneutgen, Alexander"]
[Black "Pitica, Silviu Valentin"]
[Result "0-1"]
[WhiteElo "1933"]
[BlackElo "2149"]
[PlyCount "58"]
[EventDate "2018.??.??"]
[WhiteTeam "SG Niederkassel"]
[BlackTeam "ITALIEN"]
[BlackTeamCountry "ITA"]

1. e4 c5 2. Nc3 Nc6 3. g3 g6 4. Bg2 Bg7 5. d3 d6 6. f4 e6 7. Nf3 Nge7 8. O-O
O-O 9. Be3 b6 10. d4 Ba6 11. Re1 Rc8 12. a4 Na5 13. Nb5 Nc4 14. c3 cxd4 15.
cxd4 Bb7 16. Bf2 d5 17. e5 a6 18. b3 axb5 19. bxc4 bxc4 20. Qc2 Ra8 21. Reb1
Ra6 22. Be1 Qc7 23. Bb4 Rfa8 24. Bd6 Qd7 25. Qc3 Nf5 26. g4 Nxd6 27. exd6 Qxd6
28. Ne5 Rxa4 29. Rxa4 Rxa4 0-1

[Event "7. Arber-Open Bodenmais 2018"]
[Site "Bodenmais"]
[Date "2018.08.02"]
[Round "6.17"]
[White "Kottmair, Toni"]
[Black "Schleich, Theodor"]
[Result "1-0"]
[WhiteElo "2126"]
[BlackElo "1961"]
[PlyCount "61"]
[EventDate "2018.??.??"]
[WhiteTeam "SK KÃ¶nigsbrunn"]
[BlackTeam "MÃ¼nchener SC"]

1. Nf3 e6 2. g3 b6 3. Bg2 Bb7 4. d4 Nf6 5. c4 Be7 6. Nc3 O-O 7. O-O Ne4 8. Nxe4
Bxe4 9. Bf4 d6 10. Qb3 Nd7 11. Rfd1 Bf6 12. Qe3 Bb7 13. Bg5 Qe7 14. Bxf6 Nxf6
15. Nh4 Bxg2 16. Kxg2 Ng4 17. Qf3 f5 18. Kg1 g5 19. Ng2 Qg7 20. Ne3 Nxe3 21.
Qxe3 Rae8 22. Qa3 a5 23. c5 dxc5 24. dxc5 f4 25. Rd2 fxg3 26. fxg3 Qf6 27. Qe3
e5 28. Rad1 h6 29. cxb6 cxb6 30. Rd6 Re6 31. Qxb6 1-0

[Event "7. Arber-Open Bodenmais 2018"]
[Site "Bodenmais"]
[Date "2018.08.02"]
[Round "6.18"]
[White "Brock, Ditmar"]
[Black "Schwenkreis, Thomas"]
[Result "0-1"]
[WhiteElo "1933"]
[BlackElo "2087"]
[PlyCount "66"]
[EventDate "2018.??.??"]
[WhiteTeam "SC Bad KÃ¶tzting"]
[BlackTeam "SV Oberursel"]

1. d4 Nf6 2. Nf3 g6 3. g3 Bg7 4. Bg2 O-O 5. c4 d6 6. O-O Nc6 7. Nc3 Bg4 8. h3
Bd7 9. b3 e5 10. dxe5 dxe5 11. Bg5 h6 12. Be3 Kh7 13. Kh2 Ne8 14. Bc5 Rg8 15.
e4 f5 16. Qd2 b6 17. Rad1 Nf6 18. Ba3 Qe8 19. Rfe1 Rd8 20. Qe3 f4 21. Qe2 g5
22. gxf4 g4 23. Nh4 exf4 24. e5 g3+ 25. fxg3 Nxe5 26. Qc2+ Kh8 27. gxf4 Qh5 28.
fxe5 Qxh4 29. exf6 Bxf6 30. Qd3 Rxg2+ 31. Kxg2 Rg8+ 32. Kh1 Bxh3 33. Re4 Bg2+
0-1

[Event "7. Arber-Open Bodenmais 2018"]
[Site "Bodenmais"]
[Date "2018.08.02"]
[Round "6.19"]
[White "Kolb, Wolfgang"]
[Black "Simacek, Vaclav"]
[Result "1-0"]
[WhiteElo "2047"]
[BlackElo "1868"]
[PlyCount "61"]
[EventDate "2018.??.??"]
[WhiteTeam "SK KÃ¶nigsbrunn"]
[BlackTeam "Å K Sokol Klatovy"]

1. c4 e5 2. g3 Nf6 3. Bg2 Be7 4. Nc3 O-O 5. d3 c6 6. Nf3 d6 7. O-O Be6 8. Rb1
Nbd7 9. b3 d5 10. Ng5 Bf5 11. e4 Bg6 12. exd5 cxd5 13. cxd5 Rc8 14. Nge4 Nxe4
15. Nxe4 f5 16. d6 Bf6 17. Nxf6+ Rxf6 18. Bg5 Qb6 19. Bxf6 Nxf6 20. Rc1 Rd8 21.
Qc2 Qxd6 22. Bxb7 f4 23. Qc7 Ne8 24. Qxd6 Nxd6 25. Ba6 Rd7 26. Rfe1 fxg3 27.
hxg3 e4 28. dxe4 Bxe4 29. Rcd1 Bf5 30. Bc4+ Kf8 31. Be6 1-0

[Event "7. Arber-Open Bodenmais 2018"]
[Site "Bodenmais"]
[Date "2018.08.02"]
[Round "6.20"]
[White "Mittermaier, Johann"]
[Black "Witte, Ronald"]
[Result "0-1"]
[WhiteElo "1696"]
[BlackElo "2031"]
[PlyCount "58"]
[EventDate "2018.??.??"]
[WhiteTeam "SV Deggendorf"]
[BlackTeam "BSV 63 Chemie WeiÃŸensee"]

1. e4 c5 2. c3 Nf6 3. e5 Nd5 4. d4 cxd4 5. Nf3 Nc6 6. cxd4 e6 7. Nc3 d6 8. Nxd5
exd5 9. exd6 Qxd6 10. Be3 Bf5 11. Be2 Be7 12. O-O O-O 13. Qd2 Rac8 14. Bd3 Qg6
15. Bxf5 Qxf5 16. Bf4 Bb4 17. Qe3 Rfe8 18. Be5 f6 19. Qf4 Qe6 20. Bc7 Qd7 21.
a3 Bf8 22. Be5 fxe5 23. dxe5 Qf7 24. Qg3 Bc5 25. Rad1 Rcd8 26. Rfe1 h6 27. Rd3
Re6 28. b4 Bb6 29. Nh4 Rxe5 0-1

[Event "7. Arber-Open Bodenmais 2018"]
[Site "Bodenmais"]
[Date "2018.08.02"]
[Round "6.21"]
[White "Wuest, Hans-Heiner"]
[Black "Tober, Julian"]
[Result "1-0"]
[WhiteElo "2026"]
[BlackElo "1820"]
[PlyCount "47"]
[EventDate "2018.??.??"]
[WhiteTeam "SV Walldorf"]
[BlackTeam "SV Unser Fritz"]

1. Nf3 d5 2. g3 c5 3. Bg2 Nf6 4. O-O Bg4 5. Ne5 Nc6 6. Nxg4 Nxg4 7. e4 Nf6 8.
exd5 Nxd5 9. Nc3 Nxc3 10. bxc3 e6 11. Rb1 Qd7 12. Qg4 Rc8 13. d4 f5 14. Qf4 Bd6
15. Qd2 cxd4 16. cxd4 O-O 17. d5 exd5 18. Qxd5+ Kh8 19. Rd1 Rf6 20. Bf4 Qe8 21.
Bxd6 Rd8 22. Qc5 Qh5 23. Rd3 Rh6 24. h3 1-0

[Event "7. Arber-Open Bodenmais 2018"]
[Site "Bodenmais"]
[Date "2018.08.02"]
[Round "6.22"]
[White "Beulertz, Stefan"]
[Black "Bruening, Martin"]
[Result "1-0"]
[WhiteElo "1983"]
[BlackElo "1736"]
[PlyCount "97"]
[EventDate "2018.??.??"]
[WhiteTeam "SC Werl 1981"]
[BlackTeam "TuS Syke"]

1. e4 c6 2. d3 d5 3. Qe2 dxe4 4. dxe4 e5 5. Nf3 Qc7 6. g3 Nf6 7. Bg2 Bc5 8. O-O
O-O 9. b3 Be6 10. Bb2 Nbd7 11. c4 h6 12. Nc3 Bd4 13. h3 a6 14. Rac1 Rac8 15.
Nxd4 exd4 16. Nb1 c5 17. f4 Nb8 18. Nd2 Bd7 19. e5 Nh7 20. Rce1 Rce8 21. Qd3
Bc6 22. Ne4 Re7 23. b4 b6 24. bxc5 bxc5 25. Ba3 Bxe4 26. Bxe4 g6 27. Bd5 Kg7
28. Rb1 Nd7 29. Rb7 Qc8 30. Qf3 Rfe8 31. Kh2 Nhf8 32. g4 Kh8 33. Rd1 Ne6 34.
Bc1 Ndf8 35. f5 Ng5 36. Bxg5 hxg5 37. Rxe7 Rxe7 38. fxg6 fxg6 39. Qf6+ Rg7 40.
Rf1 Nd7 41. Qxg5 Qe8 42. e6 Nf8 43. Qh6+ Nh7 44. Qf4 Qe7 45. Rb1 g5 46. Rb8+
Rg8 47. Qe5+ Qf6 48. Rxg8+ Kxg8 49. e7+ 1-0

[Event "7. Arber-Open Bodenmais 2018"]
[Site "Bodenmais"]
[Date "2018.08.02"]
[Round "6.23"]
[White "Schmahl, Stephan"]
[Black "Strahl, Christian"]
[Result "1/2-1/2"]
[WhiteElo "2148"]
[BlackElo "1861"]
[PlyCount "124"]
[EventDate "2018.??.??"]
[WhiteTeam "SC Bavaria Regensburg von 1881"]
[BlackTeam "1.FC Marktleuthen"]

1. d4 f5 2. c4 Nf6 3. Nf3 g6 4. e3 Bg7 5. b4 O-O 6. Bb2 d6 7. Be2 e6 8. O-O
Nbd7 9. Qb3 Qe7 10. c5 Ne4 11. Nc3 Ndf6 12. Rac1 Bd7 13. Rc2 Rfc8 14. Rfc1 h6
15. Nxe4 Nxe4 16. cxd6 cxd6 17. Rxc8+ Rxc8 18. Rxc8+ Bxc8 19. Qa4 a6 20. Qc2
Qd8 21. Ne1 d5 22. Nd3 Bd7 23. f3 Nd6 24. Nc5 Qc8 25. Bd3 Bb5 26. a4 Bxd3 27.
Qxd3 Nc4 28. Bc1 b6 29. Nb3 Qc6 30. a5 bxa5 31. bxa5 Nxa5 32. Nxa5 Qxc1+ 33.
Kf2 Qb2+ 34. Kg3 Qb5 35. Qa3 Bf8 36. Qa2 Bb4 37. Nb3 a5 38. Nc5 Bxc5 39. dxc5
Qxc5 40. Qa4 Qc7+ 41. Kf2 Kf7 42. Qh4 Kg7 43. Qd4+ Kh7 44. Qf6 Qd7 45. h4 h5
46. Ke1 a4 47. Qf8 Qa7 48. Qa3 f4 49. exf4 Qg1+ 50. Ke2 Qxg2+ 51. Ke3 Qg1+ 52.
Ke2 Qa7 53. Kf1 d4 54. Ke2 Qd7 55. Kd3 Qb5+ 56. Kd2 Qa5+ 57. Kd1 Qa7 58. Kd2 d3
59. Kxd3 Qa6+ 60. Kd2 Qa5+ 61. Ke2 Qb5+ 62. Kf2 Qb6+ 1/2-1/2

[Event "7. Arber-Open Bodenmais 2018"]
[Site "Bodenmais"]
[Date "2018.08.02"]
[Round "6.24"]
[White "Grabmeier, Johannes"]
[Black "Benischek, Wolfgang"]
[Result "1-0"]
[WhiteElo "1906"]
[BlackElo "2122"]
[PlyCount "43"]
[EventDate "2018.??.??"]
[WhiteTeam "SV Deggendorf"]
[BlackTeam "SK Freising"]

1. b3 e5 2. Bb2 Nc6 3. e3 d5 4. Bb5 Bd6 5. f4 Qe7 6. Nf3 Bg4 7. fxe5 Bxf3 8.
exd6 Qh4+ 9. g3 Qh5 10. Be2 Bxe2 11. Qxe2 Qg6 12. dxc7 Nf6 13. O-O O-O 14. Bxf6
gxf6 15. Nc3 Ne7 16. Qf3 Rac8 17. Nxd5 Nxd5 18. Qxd5 Rxc7 19. c3 Rc6 20. Rf4
Rfc8 21. Raf1 Re6 22. Qd4 1-0

[Event "7. Arber-Open Bodenmais 2018"]
[Site "Bodenmais"]
[Date "2018.08.02"]
[Round "6.25"]
[White "Vennemann, Juergen"]
[Black "Hohlfeld, Wolfgang"]
[Result "0-1"]
[WhiteElo "1887"]
[BlackElo "2062"]
[PlyCount "88"]
[EventDate "2018.??.??"]
[WhiteTeam "SC Hersbruck"]
[BlackTeam "SC Diogenes Hamburg"]

1. d4 d5 2. c4 dxc4 3. e3 e5 4. Bxc4 exd4 5. Qb3 Qe7 6. Nf3 Qb4+ 7. Bd2 Qxb3 8.
axb3 dxe3 9. Bxe3 Bb4+ 10. Nc3 Nf6 11. O-O O-O 12. Nb5 Na6 13. Nxa7 Bd7 14. Ne5
Nc5 15. Nxd7 Nfxd7 16. Nb5 c6 17. Nd6 Rxa1 18. Rxa1 b5 19. Be2 Nxb3 20. Rd1 Nf6
21. Bf3 Rd8 22. Nf5 Rxd1+ 23. Bxd1 Na5 24. Nd4 Nd5 25. Bf3 Nxe3 26. fxe3 Bc5
27. b4 Bxb4 28. Nxc6 Bc3 29. Nxa5 Bxa5 30. Kf2 Kf8 31. Bc6 b4 32. Ba4 Ke7 33.
Bb3 f6 34. Kf3 Bc7 35. h3 f5 36. Bc2 Kf6 37. Bb3 Ke5 38. g3 g5 39. Kf2 Bd8 40.
Bc2 Bb6 41. Ke2 h5 42. Kf2 f4 43. gxf4+ gxf4 44. Kf3 fxe3 0-1

[Event "7. Arber-Open Bodenmais 2018"]
[Site "Bodenmais"]
[Date "2018.08.02"]
[Round "6.26"]
[White "Gschwendtner, Stanislav"]
[Black "Albrecht, Manuel"]
[Result "1-0"]
[WhiteElo "2032"]
[BlackElo "1863"]
[PlyCount "63"]
[EventDate "2018.??.??"]
[WhiteTeam "SC Bayerwald"]
[BlackTeam "SK Landau-Dingolfing"]

1. Nf3 Nf6 2. c4 e6 3. b3 d5 4. Bb2 b6 5. g3 Bb7 6. Bg2 Be7 7. e3 O-O 8. O-O
Nbd7 9. Nc3 c5 10. d3 Qc7 11. Qe2 Rac8 12. Rfd1 Rfd8 13. Rab1 Nf8 14. Nb5 Qd7
15. Bxf6 Bxf6 16. Nxa7 dxc4 17. Nxc8 Bxf3 18. Bxf3 cxd3 19. Qf1 Qxc8 20. Rxd3
Nd7 21. Rbd1 Ne5 22. Rxd8+ Bxd8 23. Bb7 Qc7 24. Qb5 Kf8 25. f4 Ke7 26. fxe5
Qxb7 27. Rd6 f6 28. Qd3 Qc7 29. Qc4 Qc8 30. Rd2 fxe5 31. Qh4+ Kf7 32. Rxd8 1-0

[Event "7. Arber-Open Bodenmais 2018"]
[Site "Bodenmais"]
[Date "2018.08.02"]
[Round "6.27"]
[White "Schreib, Marc"]
[Black "Villani, Cristian"]
[Result "0-1"]
[WhiteElo "1857"]
[BlackElo "2010"]
[PlyCount "28"]
[EventDate "2018.??.??"]
[WhiteTeam "SK Neuperlach"]
[BlackTeam "SK Durlach"]

1. d4 Nf6 2. Bf4 g6 3. Nc3 Bg7 4. e4 d6 5. Qd2 Nc6 6. Nge2 O-O 7. O-O-O Ng4 8.
Bg3 e5 9. dxe5 Ngxe5 10. f3 Nc4 11. Qd3 b5 12. Nf4 Nb4 13. Qe2 Bxc3 14. bxc3
Nxa2+ 0-1

[Event "7. Arber-Open Bodenmais 2018"]
[Site "Bodenmais"]
[Date "2018.08.02"]
[Round "6.28"]
[White "Horther-Schneider, Elsbeth"]
[Black "Fehrmann, Gregor"]
[Result "1/2-1/2"]
[WhiteElo "1839"]
[BlackElo "1989"]
[PlyCount "80"]
[EventDate "2018.??.??"]
[WhiteTeam "SC Windischeschenbach"]
[BlackTeam "SK BruckmÃ¼hl"]

1. e4 c5 2. Nc3 d6 3. f4 Nc6 4. d3 g6 5. Nf3 Bg4 6. g3 Bg7 7. Bg2 Bxf3 8. Bxf3
e6 9. Ne2 Nd4 10. Bg2 Ne7 11. c3 Nxe2 12. Qxe2 O-O 13. Be3 Rc8 14. O-O Qd7 15.
d4 cxd4 16. cxd4 d5 17. e5 Nf5 18. Bf2 Rc7 19. g4 Ne7 20. Rac1 Rfc8 21. Be3
Rxc1 22. Rxc1 Rxc1+ 23. Bxc1 Qa4 24. Be3 Nc6 25. Qd2 Qxa2 26. h4 Qa5 27. Qf2
Ne7 28. Bh3 a6 29. Kh2 Qb5 30. Bf1 Qb3 31. Qd2 h5 32. Be2 hxg4 33. Bxg4 Nf5 34.
Bxf5 exf5 35. Qe2 b5 36. Bf2 a5 37. e6 Kf8 38. exf7 Kxf7 39. h5 gxh5 40. Qxh5+
Kg8 1/2-1/2

[Event "7. Arber-Open Bodenmais 2018"]
[Site "Bodenmais"]
[Date "2018.08.02"]
[Round "6.29"]
[White "Khamenya, Vitalia"]
[Black "Wacker, Felix"]
[Result "0-1"]
[WhiteElo "1770"]
[BlackElo "1956"]
[PlyCount "50"]
[EventDate "2018.??.??"]
[WhiteTeam "SK GrÃ¤felfing"]
[BlackTeam "SC Lambsheim"]

1. e4 c5 2. d4 cxd4 3. c3 Nf6 4. e5 Nd5 5. Nf3 e6 6. Qxd4 Nc6 7. Qe4 f5 8. exf6
Nxf6 9. Qc2 Bc5 10. Bd3 O-O 11. Bg5 h6 12. Bh4 e5 13. O-O d5 14. Bb5 e4 15.
Bxc6 exf3 16. Bb5 Qb6 17. a4 fxg2 18. Kxg2 Qe6 19. Bg3 Qh3+ 20. Kg1 Bf5 21. Bd3
Ne4 22. Na3 Nxg3 23. hxg3 Qxg3+ 24. Kh1 Qh3+ 25. Kg1 Bxd3 0-1

[Event "7. Arber-Open Bodenmais 2018"]
[Site "Bodenmais"]
[Date "2018.08.02"]
[Round "6.30"]
[White "Schmitz, Tim"]
[Black "Strangmueller, Andreas"]
[Result "1-0"]
[WhiteElo "1821"]
[BlackElo "1980"]
[PlyCount "45"]
[EventDate "2018.??.??"]
[WhiteTeam "SC Sendling"]
[BlackTeam "SK Landshut"]

1. e4 e6 2. d4 d5 3. Nc3 Nf6 4. e5 Nfd7 5. f4 c5 6. Nf3 Nc6 7. Be3 a6 8. Qd2 b5
9. dxc5 Bxc5 10. O-O-O Qb6 11. Bxc5 Nxc5 12. Bd3 b4 13. Ne2 a5 14. Ned4 Ba6 15.
Bxa6 Rxa6 16. f5 Ne4 17. Qf4 Nxd4 18. Nxd4 exf5 19. Nxf5 g6 20. Nd6+ Nxd6 21.
exd6 Qxd6 22. Rhe1+ Kf8 23. Qh6+ 1-0

[Event "7. Arber-Open Bodenmais 2018"]
[Site "Bodenmais"]
[Date "2018.08.02"]
[Round "6.31"]
[White "Schultes, Christoph"]
[Black "Neumann, Lutz"]
[Result "1-0"]
[WhiteElo "1976"]
[BlackElo "1815"]
[PlyCount "77"]
[EventDate "2018.??.??"]
[WhiteTeam "SK Landau-Dingolfing"]
[BlackTeam "BSV Ehrenfriedersdorf"]

1. d4 d5 2. Nf3 Nf6 3. c4 e6 4. g3 Be7 5. Bg2 O-O 6. O-O dxc4 7. Qc2 Nc6 8.
Qxc4 Bd6 9. Rd1 Re8 10. Nc3 Nd7 11. e4 e5 12. Bg5 Be7 13. Bxe7 Qxe7 14. Nd5 Qd8
15. dxe5 Ncxe5 16. Nxe5 Nxe5 17. Qxc7 Nc6 18. Qxd8 Rxd8 19. Ne7+ Kf8 20. Nxc6
Rxd1+ 21. Rxd1 bxc6 22. Rd8+ Ke7 23. Rg8 g6 24. Bh3 Bb7 25. Rxa8 Bxa8 26. f4
Kd6 27. Kf2 Kc5 28. Ke3 f6 29. Kd3 Bb7 30. Kc3 a5 31. Bf1 Bc8 32. Bc4 Bh3 33.
e5 fxe5 34. fxe5 h6 35. a3 Bd7 36. b4+ axb4+ 37. axb4+ Kb6 38. Bf7 g5 39. e6
1-0